000 00920cab a2200289 4500
001 ABS59316
008 090401t1998 xxu||||| |||| 00| 0 eng d
035 _a(Sirsi) u88594
041 _aeng
100 _aMurphy, G.
245 _aResidential block
260 _c1998
350 _a0
490 _aEstates Gazette
_v(9838) 19 September 1998, 142-143(2)
520 _aConsiders the proposals for a maximum limit to rent increases registered by rent officers contained in the DETR consultation paper "Limiting Fair Rent Increases".
650 _aCONSULTATION PAPER
650 _aDETR
650 _aFAIR RENTS
650 _aINSTITUTIONAL INVESTORS
650 _aPRIVATE RENTED SECTOR
650 _aREFORMS
650 _aRENT INCREASES
650 _aRENT OFFICERS
690 _aPROPERTY-RESIDENTIAL PROPERTY-RESIDENTIAL LANDLORD AND TENANT-RESIDENTIAL TENANCIES
942 _n0
948 _c23/09/1998
999 _c56003
_d56003